Understanding Reading Comprehension: Process and Practice (Record no. 6173)

MARC details
005 - DATE AND TIME OF LATEST TRANSACTION
control field 20250628191751.0
020 ## - INTERNATIONAL STANDARD BOOK NUMBER
International Standard Book Number 9781446273173
100 ## - MAIN ENTRY--PERSONAL NAME
Author name TENNENT, W
245 ## - TITLE STATEMENT
Title Understanding Reading Comprehension: Process and Practice
260 ## - PUBLICATION, DISTRIBUTION, ETC.
Place of publication, distribution, etc. London
Name of publisher, distributor, etc. SAGE
Date of publication, distribution, etc. 2015
300 ## - PHYSICAL DESCRIPTION
Extent 210p.: ill; tables
Other physical details Reference
Dimensions 24cm
942 ## - ADDED ENTRY ELEMENTS (KOHA)
Source of classification or shelving scheme Dewey Decimal Classification
Koha item type Books
Holdings
Date last seen Total checkouts Full call number Barcode Cost, replacement price Price effective from Koha item type Lost status Source of classification or shelving scheme Damaged status Not for loan Withdrawn status Home library Current library Shelving location Date acquired Cost, normal purchase price
06/28/2025   808.042 TEN MBY0001030 90000.00 06/28/2025 Books   Dewey Decimal Classification       CBE MBEYA CBE MBEYA General Collection 06/28/2025 30000.00